Music Quiz

Random Music Quiz
Score 0/19 Timer 05:00
0 Plays Today
Year Group Name % Correct
2012???
96.6%
2005???
95.9%
2007???
93.5%
2008???
92.9%
2009???
91.8%
1996???
91.2%
2003???
78.9%
1997???
75.2%
2004???
70.4%
2005???
69.4%
Year Group Name % Correct
1998???
67.3%
1999???
39.8%
2001???
35.7%
2010???
28.2%
2002???
23.1%
2012???
18%
2002???
17%
2002???
15%
2011???
7.1%
Remove Ads.
Support Sporcle.
Get the best of Sporcle when you Go Orange. This ad-free experience offers more features, more stats, and more fun while also helping to support Sporcle. Thank you for becoming a member.

You're not logged in!

Compare scores with friends on all Sporcle quizzes.
OR
Log In

Show Comments

Extras

Created Oct 24, 2013ReportNominate

Top Quizzes Today


Score Distribution

Your Account Isn't Verified!

In order to create a playlist on Sporcle, you need to verify the email address you used during registration. Go to your Sporcle Settings to finish the process.

Report this User

Report this user for behavior that violates our Community Guidelines.

Details: